00520nam a22001937a 450000500170000001000130001702000220003003500130005203700160006504000120008108200160009310000140010924500450012326000420016827000390021030000210024965000310027065000250030120170124105946.0 aB-041032 c00.00a8170173426 aB-041032 bCen Lib/Ret aDPLbEN a220.21bDAS aDas, G.N. aReadings from thirukkural /cby G.N. Das aNew DelhibAbhinav publicationsc1997 aE-37, Hauz khasbNew Delhie110016 a134p. c21cm(Hb) aPolitical and social views a thirukkural-Reading